000 01033nam2a22002411 4500
001 RU\NLR\INFOCOMM16\1000092374
005 20250617111055.0
035 _a(NLR Aleph) 002565753
090 _a3145095
_c3145095
100 _a20040519d1962 |||y0rusy50 ca
101 0 _arus
102 _aRU
105 _ay |||||||||
200 1 _aВыделение подлежащего и сказуемого в английском языке
210 _d1962
_aБ. м.
461 0 _1001RU\NLR\INFOCOMM16\1000092367
_12001#$aУченые записки$fМ-во прос. РСФСР. Новгородск. гос. пед. ин-т$vТ.6, Вып.2
_93145070
_aНовгородский педагогический институт
_cНовгород
_d1956-1967
_fМ-во прос. РСФСР. Новгородск. гос. пед. ин-т
_tУченые записки
_vТ.6, Вып.2
801 1 _aRU
_bInfoComm
_c20040519
801 0 _aRU
_bNLR
_gPSBO
852 _aNLR
_jП1/195
942 _cISSUE
980 _aNB
980 _aRUSPER